Analysis and design of information syste (Record no. 379363)
[ view plain ]
| 000 -LEADER | |
|---|---|
| fixed length control field | 00347cam a22001217a 4500 |
| 008 - FIXED-LENGTH DATA ELEMENTS--GENERAL INFORMATION | |
| fixed length control field | 180718b xxu||||| |||| 00| 0 eng d |
| 082 ## - DEWEY DECIMAL CLASSIFICATION NUMBER | |
| Classification number | I5537 R137 (N) |
| 100 ## - MAIN ENTRY--PERSONAL NAME | |
| Personal name | Rajaraman |
| 245 ## - TITLE STATEMENT | |
| Title | Analysis and design of information syste |
| Statement of responsibility, etc. | by Rajaraman |
| 260 ## - PUBLICATION, DISTRIBUTION, ETC. | |
| Place of publication, distribution, etc. | |
| Name of publisher, distributor, etc. | |
| Date of publication, distribution, etc. | |
| 650 ## - SUBJECT ADDED ENTRY--TOPICAL TERM | |
| Topical term or geographic name entry element | Information storage and retrieval systems |
| 650 ## - SUBJECT ADDED ENTRY--TOPICAL TERM | |
| Topical term or geographic name entry element | Information theory |
No items available.
